Challenges and progress in the control of white root rot disease of Hevea brasiliensis in Africa (Record no. 55286)

MARC details
000 -LEADER
fixed length control field 00454nam a2200121Ia 4500
100 ## - MAIN ENTRY--AUTHOR NAME
Personal name Omo-Ikerodah E.E.
245 #0 - TITLE STATEMENT
Title Challenges and progress in the control of white root rot disease of Hevea brasiliensis in Africa
260 ## - PUBLICATION, DISTRIBUTION, ETC. (IMPRINT)
Name of publisher IRRI-IRRDB International Rubber Conference 2009, 26-27 October 2009, Bogor, Indonesia, Paper 14.
Year of publication 2009
700 ## - ADDED ENTRY--PERSONAL NAME
Personal name Mokwunye M.U.B.
700 ## - ADDED ENTRY--PERSONAL NAME
Personal name Omorusi V.I.
942 ## - ADDED ENTRY ELEMENTS (KOHA)
Koha item type Journals
Holdings
Withdrawn status Lost status Damaged status Not for loan Home library Current library Shelving location Date acquired Koha item type
      Journals RRII Library RRII Library Crop protection 01/12/2009 Journals